000 03456nam0a2200469 4500
001 RU\NLR\BIBL_A\012789079
005 20220926123113.0
010 _a978-5-17-146362-5
_92000
021 _aRU
_bКН-П-22-008607
_9КН-П-22-0698
035 _a(NLR Aleph) 012789079
035 _a(RuMoRGB)010978717
090 _a13147318
_c13147318
100 _a20220517d2022 u y0rusy50 ca
101 0 _arus
102 _aRU
105 _aa|||f||||||z|
181 0 _ab3
_bxb2e
181 1 _ai1
_baxxe
182 1 _an
200 1 _aСовременное оружие
_fЛ. Е. Сытин
203 _aИзображение
_aТекст
_bвизуальные
_cнепосредственные
210 _aМосква
_cАСТ
_d2022
215 _a511 с.
_cил.
_d24
225 1 _aСерия "Энциклопедия вооружения"
320 _aНа пер. авт. не указан
330 _aЭта книга рассказывает о наиболее современных образцах оружия и боевой техники всех родов войск - от пистолетов и винтовок до боевых самолетов и кораблей. Разработанные уже после окончания холодной войны, они стали ответом на новые угрозы и воплотили обновленные концепции применения военной силы. Одни описанные системы поступили в войска в 2000-х гг., другие существуют пока в виде опытных образцов, третьи - проектируются. Ввиду высокой стоимости современного вооружения срок их "жизни" в сравнении, например, с оружием Второй мировой войны значительно удлинился. Поэтому можно предположить, что оружие, описанное здесь, будет применяться как минимум до середины столетия. Издание предназначено для широкого круга читателей, интересующихся оружием и военной техникой
333 _a12+
606 1 _aОружие
_jЭнциклопедии
_2nlr_sh1
_2nlr_sh2
_3RU\NLR\AUTH\6683679
606 1 _aВоенная техника
_jЭнциклопедии
_2nlr_sh1
_2nlr_sh2
_3RU\NLR\AUTH\66105306
686 1 _aЦ9я20
700 1 _aСытин
_bЛ. Е.
856 4 _lVNP_SKP
_tVIEW
_uhttps://webservices.nlr.ru/viewer/file?name=a012789079_002.txt
_yАннотация
856 4 _lVNP_SKP
_tVIEW
_uhttps://webservices.nlr.ru/viewer/file?name=p012789079_003.png
_x001
_yСтраница
856 4 _lVNP_SKP
_tVIEW
_uhttps://webservices.nlr.ru/viewer/file?name=p012789079_004.png
_x002
_yСтраница
856 4 _lVNP_SKP
_tVIEW
_uhttps://webservices.nlr.ru/viewer/file?name=p012789079_005.png
_x003
_yСтраница
856 4 _lVNP_SKP
_tVIEW
_uhttps://webservices.nlr.ru/viewer/file?name=p012789079_006.png
_x004
_yСтраница
856 4 1 _lVNP_SKP
_tVIEW
_uhttps://webservices.nlr.ru/viewer/file?name=t012789079_001.png
_yОбложка
942 _cBOOK
980 4 _aVNP_SKP
980 _aNB